Rosen, Martha$cvon, 1904-. A Baltic odyssey. - Calgary : Univ. of Calgary Pr.. - 1995 [Rezension]

Titel: Rosen, Martha$cvon, 1904-. A Baltic odyssey. - Calgary : Univ. of Calgary Pr.. - 1995 [Rezension]
Verfasser:
In: Jahrbuch des baltischen Deutschtums, Band 46 (1998), Seite 198-200
alle Artikel anzeigen
Veröffentlicht: 1998 [1999]
Format: Aufsatz
Sprache: Deutsch
Kein Bild verfügbar
X
alg: 39515711
001A    $01999:12-11-16 
001B    $01999:09-08-21 $t17:41:23.000 
001D    $01999:12-11-16 
001U    $0utf8 
001X    $00 
002@    $0Aox 
003@    $0395157110 
007A    $0395157110 $aHEB 
007T    $0Herde01458 
010@    $ager 
011@    $a1998 $n1998 [1999] 
021A    $aRosen, Martha$cvon, 1904-. A @Baltic odyssey. - Calgary : Univ. of Calgary Pr.. -  1995 [Rezension] 
028A    $aKoch $dBernd 
031A    $d46 $h198-200 $j1998 
039B    $aIn $8--Abvc--. Jahrbuch des baltischen Deutschtums. - Lüneburg : Carl-Schirren-Ges., 1927-2012. - ISSN 0075-2436 $x199800000460000802 $9047351179 
039T    $8--Aau--Rosen, Martha$cvon$Z1904- [Tp1]. A @Baltic odyssey. - Calgary : Univ. of Calgary Pr., 1995. - XIX, 320 S.. - Ill.. - ISBN 1-895176-24-7 $9050961330 
045F    $a900.94798 $eDDC23BSB 
045F/01 $a900 
045F/03 $g4798 
045T    $a7,41 $a7,44 
045T    $aGER $qDE-30 $2FID 

lok: 39515711 78

exp: 39515711 78 1 #EPN
201B/01 $018-11-16 $t13:55:09.000 
201U/01 $0utf8 
203@/01 $0791459462 
208@/01 $a12-11-16 $be 
209A/01 $a/ $f000 $x00 
220C/01 $aTitelaufnehmer: pk 
220C/01 $aHerkunft: Baltische Bibliographie / P. Kaegbein 
244Z/01 $2Trx $#Estija $#Igaunija $#Estland $#Estonia $#Estonia $#Estónsko $#Estonsko $8--Trx--Eesti $x01 $9391237225 
244Z/01 $2Trx $#arvustused $#recenzijos $#Reviews $#recenziók $#recenzje $#recenzie $#recenze $8--Trx--Rezensionen $x02 $9391357441 
247C/01 $82080>Marburg/Lahn, Herder-Institut, Forschungsbibliothek, Bibliographieportal $9336309341
LEADER 00000caa a22000002c 4500
001 395157110
003 DE-603
005 20210809174123.0
007 tu
008 161112s1998 xx |||| | u00||u|ger c
035 |a (DE-599)HEB395157110 
040 |a DE-603  |b ger  |c DE-603  |d DE-603 
041 |a ger 
082 0 4 |8 1\u  |a 900.94798  |q DE-101  |2 23/BSB 
084 |a 7,41  |a 7,44  |2 ssgn 
084 |a GER  |q DE-30  |2 fid 
085 |8 1\u  |b 900 
085 |8 1\u  |z 2  |s 4798 
100 1 |a Koch, Bernd 
245 0 0 |a ˜Rosen, Martha$cvon, 1904-. Aœ Baltic odyssey. - Calgary : Univ. of Calgary Pr.. - 1995 [Rezension] 
264 0 |c 1998 [1999] 
773 0 8 |i In  |t Jahrbuch des baltischen Deutschtums  |d Lüneburg : Carl-Schirren-Ges., 1927-2012  |x 0075-2436  |g Band 46 (1998), Seite 198-200  |w (DE-603)047351179  |w (DE-600)217235-5 
787 0 8 |a Rosen, Martha von, 1904-  |t ˜Aœ Baltic odyssey  |d Calgary : Univ. of Calgary Pr., 1995  |h XIX, 320 S., Ill.  |z 1895176247  |w (DE-603)050961330 
924 0 |9 2080  |a (DE-603)791459462  |b DE-2080  |c HES  |d d  |g /